Were They Alive at the Same Time? - Statistics

General Stats
  • This quiz has been taken 50 times
  • The average score is 10 of 15
Answer Stats
Question Answer % Correct
Nelson Mandela and Mahatma Gandhi? Alive at the Same Time
89%
Adolf Hitler and Napoleon Bonaparte? Not Alive at the Same Time
87%
Barack Obama and Josef Stalin Not Alive at the Same Time
85%
Michael Jackson and Marilyn Monroe Alive at the Same Time
78%
Franklin Delano Roosevelt and Abraham Lincoln? Not Alive at the Same Time
74%
William Shakespeare and Christopher Columbus? Not Alive at the Same Time
72%
Joe Biden and Anne Frank? Alive at the Same Time
70%
Dwayne "The Rock" Johnson and Pablo Picasso Alive at the Same Time
70%
Babe Ruth and Donald Trump? Alive at the Same Time
65%
Vincent Van Gogh and Andrew Jackson Not Alive at the Same Time
57%
Peyton Manning and Mao Zedong Alive at the Same Time
54%
Adam Sandler and Walt Disney? Alive at the Same Time
54%
Queen Elizabeth II and Harriet Tubman? Not Alive at the Same Time
46%
Kurt Cobain and Kendall Jenner Not Alive at the Same Time
46%
Elon Musk and Harry S. Truman Alive at the Same Time
41%
No matching quizzes found
Score Distribution
Percent of People with Each Score
Percentile by Number Answered
Your Score History
You have not taken this quiz